Statistics for County Seats Of Oklahoma

Click here to take the quiz!

General Stats

  • This quiz has been taken 23 times
  • The average score is 47 of 77

Answer Stats

CountySeat% Correct
ComancheLawton
91%
OklahomaOklahoma City
91%
WashingtonBartlesville
82%
GarfieldEnid
82%
PittsburgMcAlester
82%
ClevelandNorman
82%
PontotocAda
73%
CimarronBoise City
73%
GradyChickasha
73%
StephensDuncan
73%
CanadianEl Reno
73%
LoganGuthrie
73%
TexasGuymon
73%
GarvinPauls Valley
73%
PottawatomieShawnee
73%
PayneStillwater
73%
CherokeeTahlequah
73%
_____Tulsa
73%
JacksonAltus
64%
CaddoAnadarko
64%
CarterArdmore
64%
HarperBuffalo
64%
AlfalfaCherokee
64%
RogersClaremore
64%
BryanDurant
64%
ChoctawHugo
64%
MarshallMadill
64%
________Muskogee
64%
OkfuskeeOkemah
64%
OsagePawhuska
64%
SequoyahSallisaw
64%
CreekSapulpa
64%
BeckhamSayre
64%
AdairStilwell
64%
MurraySulphur
64%
CraigVinita
64%
CottonWalters
64%
WoodsAlva
55%
PushmatahaAntlers
55%
CusterArapaho
55%
EllisArnett
55%
LincolnChandler
55%
Roger MillsCheyenne
55%
CoalCoalgate
55%
WashitaCordell
55%
McIntoshEufaula
55%
MajorFairview
55%
TillmanFrederick
55%
KiowaHobart
55%
HughesHoldenville
55%
HarmonHollis
55%
McCurtainIdabel
55%
DelawareJay
55%
GreerMangum
55%
LoveMarietta
55%
GrantMedford
55%
OttawaMiami
55%
KayNewkirk
55%
NoblePerry
55%
LeFlorePoteau
55%
MayesPryor
55%
McClainPurcell
55%
HaskellStigler
55%
DeweyTaloga
55%
JohnstonTishomingo
55%
BlaineWatonga
55%
JeffersonWaurika
55%
SeminoleWewoka
55%
LatimerWilburton
55%
________Woodward
55%
______Beaver
45%
________Okmulgee
45%
______Pawnee
45%
_____Atoka
36%
__________Kingfisher
36%
______Nowata
36%
_______Wagoner
27%

Score Distribution

Percentile by Number Answered

Percent of People with Each Score

Your Score History

You have not taken this quiz